Repercusiones Regionales de la Crisis Argentina

Guardado en:
书目详细资料
格式: Texto
主题:
标签: 添加标签
没有标签, 成为第一个标记此记录!

MARC

LEADER 00000 a a2200000 04500
001 10257
003
040
245 |a Repercusiones Regionales de la Crisis Argentina  
650 |a CRISIS  
650 |a RECESION ECONOMICA  
650 |a CONSECUENCIAS ECONOMICAS  
650 |a MERCADO MONETARIO  
773 |g número 24; páginas 1, 6  
999 |c 34707  |d 34707